Financial management (Record no. 12451)

MARC details
000 -LEADER
fixed length control field 00338 a2200133 4500
000 - LEADER
fixed length control field BKB
001 - CONTROL NUMBER
control field 146253
005 - DATE AND TIME OF LATEST TRANSACTION
control field 20200902155450.0
008 - FIXED-LENGTH DATA ELEMENTS--GENERAL INFORMATION
fixed length control field
100 1# - MAIN ENTRY--PERSONAL NAME
Personal name Pandey, I.M.
245 1# - TITLE STATEMENT
Title Financial management
Statement of responsibility, etc by I. M. Pandey
250 ## - EDITION STATEMENT
Edition statement 10th ed.
260 ## - PUBLICATION, DISTRIBUTION, ETC. (IMPRINT)
Place of publication, distribution, etc
Name of publisher, distributor, etc Vikas Publishing
Date of publication, distribution, etc 2010
Holdings
Withdrawn status Lost status Damaged status Not for loan Home library Current library Date acquired Cost, normal purchase price Total Checkouts Full call number Barcode Date last seen Price effective from Koha item type
        Central University Of Rajasthan Central University Of Rajasthan 19/05/2014 0.00   AV120 02/09/2020 02/09/2020 Books